|
|
|
|
| LEADER |
01808nam a2200505 i 4500 |
| 001 |
nkc20162832450 |
| 003 |
CZ PrNK |
| 005 |
20240105093204.0 |
| 007 |
ta |
| 008 |
161025s2016 xr a f 000 0 cze |
| 015 |
|
|
|a cnb002832450
|
| 020 |
|
|
|a 978-80-270-0455-3
|q (brožováno)
|
| 035 |
|
|
|a (OCoLC)965746805
|
| 040 |
|
|
|a ABA001
|b cze
|e rda
|
| 041 |
0 |
|
|a cze
|b cze
|b eng
|
| 043 |
|
|
|a e-xr---
|
| 072 |
|
7 |
|a 364-1/-7
|x Druhy sociální pomoci a služeb
|2 Konspekt
|9 18
|
| 080 |
|
|
|a 364-58
|2 MRF
|
| 080 |
|
|
|a (437.3)
|2 MRF
|
| 080 |
|
|
|a (048.8)
|2 MRF
|
| 100 |
1 |
|
|a Cabrnoch, Milan,
|d 1962-
|7 mzk2006331679
|4 aut
|
| 245 |
1 |
0 |
|a Výzvy hospicové péče /
|c autoři: Milan Cabrnoch, Jana Dušánková, Jiří Krejčí, Martin Loučka, Lukáš Novák, Karolína Pochmanová, Zdenka Sobotová
|
| 264 |
|
1 |
|a [Čerčany] :
|b Tři,
|c 2016
|
| 300 |
|
|
|a 54 stran :
|b barevné ilustrace ;
|c 30 cm
|
| 336 |
|
|
|a text
|b txt
|2 rdacontent
|
| 337 |
|
|
|a bez média
|b n
|2 rdamedia
|
| 338 |
|
|
|a svazek
|b nc
|2 rdacarrier
|
| 500 |
|
|
|a Název z obálky
|
| 504 |
|
|
|a Obsahuje bibliografie
|
| 546 |
|
|
|a České a anglické resumé
|
| 650 |
0 |
7 |
|a hospicová péče
|7 ph120814
|z Česko
|2 czenas
|
| 650 |
0 |
9 |
|a hospice care
|z Czechia
|2 eczenas
|
| 655 |
|
7 |
|a studie
|7 fd133597
|2 czenas
|
| 655 |
|
9 |
|a studies
|2 eczenas
|
| 700 |
1 |
|
|a Blahová Dušánková, Jana
|7 jx20070410009
|4 aut
|
| 700 |
1 |
|
|a Krejčí, Jiří,
|d 1981-
|7 xx0209980
|4 aut
|
| 700 |
1 |
|
|a Loučka, Martin,
|d 1985-
|7 mzk2016899455
|4 aut
|
| 700 |
1 |
|
|a Novák, Lukáš
|4 aut
|
| 700 |
1 |
|
|a Pochmanová, Karolína
|7 ola2015874554
|4 aut
|
| 700 |
1 |
|
|a Sobotová, Zdenka
|4 aut
|
| 910 |
2 |
|
|a BOA001
|b 4-1375.829
|
| 990 |
|
|
|a BK
|
| 995 |
|
|
|a 01
|
| 991 |
|
|
|b 201611
|c NOV
|
| 996 |
6 |
|
|b 2610686405
|c 4-1375.829
|l MZK
|r Sklad / do 1 hodiny
|n 6
|p p.v.
|w 001584664
|u 000010
|a 1
|e BOA001
|j MZK50
|s P
|